000
00362nam a2200109Ia 4500
008
221009s9999 xx 000 0 und d
082
_a
320
100
_a
जैन डॉ. पुख्राज
_9
38256
245
0
_a
राजनीति विज्ञान के सिद्धान्त
260
_b
साहित्य भवन
942
_c
BK
999
_c
64700
_d
64700